Evaluación de la actividad de catalizadores con distinta acidez inicial sobre la conversión de ácido láctico a lactida.

Kaydedildi:
Detaylı Bibliyografya
Yazar: Arguedas Bogantes, Gerard Antonio, 1988-
Diğer Yazarlar: Miranda Morales, Bárbara Cristina, 1983- Directora del TFG
Materyal Türü: Kitap
Dil:Spanish
Baskı/Yayın Bilgisi: San José,[Costa Rica] 2023.
Konular:
Etiketler: Etiketle
Etiket eklenmemiş, İlk siz ekleyin!

MARC

LEADER 00000nam a2200000Ia 4500
003 013649
005 20230612115432.0
008 140114s2023 cr a 000 ||spa d
040 |c cru CEDI 
100 |a  Arguedas Bogantes, Gerard Antonio, 1988-  |9 657 
245 |a Evaluación de la actividad de catalizadores con distinta acidez inicial sobre la conversión de ácido láctico a lactida. 
260 |a San José,[Costa Rica]  |c 2023. 
500 |a Proyecto de graduación (licenciatura en ingeniería química)--Universidad de Costa Rica. Facultad de Ingeniería. Escuela de Ingeniería Química 
501 |a Directora de Proyecto de Graduación: Dr. Ing. Bárbara Miranda Morales 
650 |x CATALIZADORES - EVALUACION  |x ACIDO LACTICO  |x CATALIZADORES 
700 |9 24  |a Miranda Morales, Bárbara Cristina, 1983-  |d Directora del TFG 
942 |c CEDI  |h TFG 8800  |6 TFG_8800_000000000000000 
999 |c 15569  |d 15569